000 00868nam a2200277 i 4500
001 bg
100 1 _aŚnieżek, Ewa.
245 1 0 _aRachunek przepływów pieniężnych /
_cEwa Śnieżek.
250 _aWyd. 3 zm.
260 _aGdańsk :
_bOśrodek Doradztwa i Doskonalenia Kadr,
_c2007.
300 _a131 s. ;
_c24 cm.
490 1 _aSprawozdanie Finansowe od A do Z
504 _aBibliogr. s. 131.
650 9 _aFinanse
_xsprawozdawczość
_xprawo
_zPolska
_ystan na 2007 r.
830 _aSprawozdanie Finansowe od A do Z
015 _aPB 7285/2008
020 _a9788374264556
040 _cBPK
041 _apol
044 _aPOL
080 _a346.62:657.6](438)
920 _a978-83-7426-455-6
942 _cKS
008 090731s2007 pl |000 0 pol
999 _c56564
_d56564
856 _uhttp://koha.tu.koszalin.pl/cgi-bin/koha/opac-detail.pl?biblionumber=56564
_yKatalog online BPK